zpět

Detail výsledku týmu

Jazz Tibet Club, Olomouc

Datum a čas kvízu

31 Celkem bodů Celkový počet nahraných bodů na tomto kvízu bez doplňovacích otázek.
8. Pořadí na kvízu Konečné umístění týmu na tomto kvízu.

Zaznamenané odpovědi

# Otázka Odpověď Body Výsledky
1. Poradní výbor Rady Evropy vyzv... o slovenštinu 1
2. Vydavatelství Oxford Universit... C 1
3. Spousta z vás si jistě minulý... Bad Bunny 0
4. Tento klenot z horského křišťá... Fabergého vejce 0
5. Finiš dostihu v Otaki na Novém... D) žokeje vyhodil ze sedla hlavou soupeřův kůň 1
6. Jak jinak začít toto téma, než... žlutý trpaslík 0.5
7. Další otázku věnujme Zemi. Jed... 6378 km 0
8. Nyní se podíváme na planety, c... Uran; Venuše 0.5
9. Na řadě je rychlost planet. Co... B 1
10. Přiřaďte názvy těchto čtyř pla... 1B; 2D; 3C; 4A 1